Polymérne mikrokapsule pre kontrolované uvoľňovanie bioaktívnych substancií

Salvato in:
Dettagli Bibliografici
Autore principale: Kolláriková, Gabriela
Natura: Libro
Lingua:slovacco
Pubblicazione: Bratislava STU FCHPT v Bratislave 2006
Soggetti:
Accesso online:Visualizza in OPAC
Tags: Aggiungi Tag
Nessun Tag, puoi essere il primo ad aggiungerne!!

MARC

LEADER 00000nam a2200000 a 4500
005 20260127133935.0
008 070227 2006 xo 000 0 slo d
035 |a vtls008949608 
039 9 |a 200702271417  |b mschk03  |c 200702271018  |d mschk03  |y 200702271017  |z mschk03 
040 |a STUSCHK1  |b slo  |c STUSCHK1  |e AACR2 
100 1 |a Kolláriková, Gabriela 
245 1 |a Polymérne mikrokapsule pre kontrolované uvoľňovanie bioaktívnych substancií  |c Gabriela Kolláriková 
260 |a Bratislava  |b STU FCHPT v Bratislave  |c 2006 
300 |a 162 s. : il. 
500 |a Slovenská akadémia vied, Ústav polymérov Bratislava 
500 |a Obháj.: 13.10. 2006 
650 0 |a polymérne materiály 
650 0 |a semipermeabilné membrány 
910 |a SCHK95 
999 |c 509  |d 509